Trudovyje resursy sel'skogo chozjajstva voprosy teorii i metodologii

Salvato in:
Dettagli Bibliografici
Natura: Libro
Lingua:russo
Pubblicazione: Moskva Mysl' 1982
Tags: Aggiungi Tag
Nessun Tag, puoi essere il primo ad aggiungerne!!

MARC

LEADER 00000nam a2200000 4500
001 c133868
005 20041019155259.4
041 0 |a rus 
044 |a RU 
245 1 0 |a Trudovyje resursy sel'skogo chozjajstva  |b voprosy teorii i metodologii 
264 1 |a Moskva  |b Mysl'  |c 1982 
300 |a 113 s.